000 00854nam0a22002531 4500
001 RU\NLR\A1SV\13016
005 20251203171251.9
035 _a(NLR Aleph) 009698330
090 _a9771563
_c9771563
100 _a19991015d1926 u y0rusy50 ca
101 0 _arus
102 _aRU
200 1 _aИнструкция для производства изысканий и составления проектов осушения болот
_fА.Брудастов
210 _aРязань
_cРязгостиполит.
_d1926
215 _a15 с.
_d17 см
300 _aАвт. указан в конце текста
620 _dРязань
700 1 _aБрудастов
_bА.Д.
_f1884-
_gАлексей Дмитриевич
801 0 _aRU
_bNLR
_c19991015
852 _aNLR
_j106/385
942 _cBOOK
980 _aNB
980 _aA1SV